| 000 | 00654 a2200205 4500 | ||
|---|---|---|---|
| 005 | 20250618124906.0 | ||
| 020 | _a9781776178117 | ||
| 050 |
_aKF 8840 _bFUN 2024 |
||
| 245 |
_aFundamental Principles of Civil Procedure / _cedited by PM Bekker,T Broodryk and C Theophilopoulos |
||
| 250 | _afifth edition | ||
| 264 |
_aCape Town : _bLexisNexis, _c2024 |
||
| 300 |
_a617 pages _billustrations |
||
| 336 |
_2rdacontent _atext _btxt |
||
| 337 |
_2rdamedia _aunmediated _bn |
||
| 338 |
_2rdacarrier _avolume _bnc |
||
| 500 | _aincludes index | ||
| 700 |
_aBroodryk,PM _eeditor |
||
| 700 |
_aTheophilopoulos C _eeditor |
||
| 942 |
_2lcc _cBK _efifth _h8840 _iFUN _kKF |
||
| 999 |
_c11604 _d11604 |
||